000 01430cam a2200349Ia 4500
999 _c10433
_d10433
001 43355272
003 OCoLC
005 20241126110732.0
008 000127s1999 waub c b 000 0beng d
020 _a1576581527
_q(pbk.)
020 _a9781576581520
_q(pbk.)
035 _a(OCoLC)43355272
040 _aSBI
_beng
_cSBI
_dDPL
_dBAKER
_dBTCTA
_dOCLCG
_dHNW
_dDTM
_dAHS
_dOCLCO
_dOCLCF
_dOCLCQ
_dOCLCO
_dOCLCA
_dJDP
_dKI2
_dOCLCO
_dOCL
_dOCLCA
_dOCLCQ
_dOCLCO
_dFHP
082 _a266.0092
_bBEN
092 _aBIO GREEN
100 1 _aBenge, Janet,
_d1958-
_917368
245 1 0 _aBetty Greene :
_bwings to serve /
_cJanet & Geoff Benge
260 _aSeattle, WA :
_bYWAM Pub.,
_c℗♭1999
300 _a193 pages :
_b1 map ;
_c21 cm
490 1 _aChristian heroes, then & now
504 _aIncludes bibliographical references
520 _aA young World War II WASP pilot, Betty Greene helped to create the Mission Aviation Fellowship that today is a global ministry, operating over eighty aircraft in nineteen countries
521 0 _a6.2
600 1 0 _aGreene, Betty,
_d1920-1997
_vJuvenile literature
_918134
610 2 0 _aMission Aviation Fellowship
_918135
650 0 _aWomen air pilots
_vBiography
_vJuvenile literature
_918136
650 0 _aMissionaries
_vBiography
_vJuvenile literature
_918137
655 0 _aBiography
_95066
700 1 _aBenge, Geoff,
_d1954-
_917373
830 0 _aChristian heroes, then & now
_917374
942 _2ddc
_cBK